1807 1134 1001 1947 1677 1711 1503 1820 1781 1806 1304 1107 1497 1586 1151 1086 1567 1501 1519 1158 1170 1789 1314 1115 1567 1704 1493 1802 1855 1929 1325 1965 1236 1461 1912 1951 1488 1757 1348 1897 1793 1785 1411 1275 1974 1271 1219 1191 1701 1211 1271 1695 1901 1561 1323 1162 1057 1402 1534 1735 1881 1806 1242 1555 1650 1555 1927 1680 1702 1075 1698 1141 1185 1225 1220 1226 1966 1199 1029 1150 1520 1600 1956 1274 1521 1682 1588 1975 1367 1493 1159 1688 1753 1332 1642 1461 1187 1610 1342 BCNSPRNW ULIB Ver.6.0+V

เปลี่ยนเป็นภาษาไทย

Change to English
 แสดงรายละเอียดบรรณานุกรม
  กลับหน้าหลัก

Brief Record : Get Marc (ISO 2709) : E-mail record : QR code < ปิดหน้าต่าง
LEADER : 00000nam 2200000uu 4500
001    13399111078
003     ULIB
008    110616s2552||||th 000 0 tha d
020    9789741684779(ล.3)
050 04 BF455^bท317ค ล.3 2552
100 0  ทองสุข รวยสูงเนิน
245 10 คู่มือปฏิบัติการการจัดการเรียนรู้เพื่อพัฒนาทักษะการคิด 3 /^cเรียบเรียงโดย ทองสุข รวยสูงเนิน
250    พิมพ์ครั้งที่ 2
260    กรุงเทพฯ :^bสถาบันพัฒนาความก้าวหน้า,^c2552
300    3 เล่ม :^bภาพประกอบ
504    บรรณานุกรม: หน้า 154-157
505 0  ล.3^tคู่มือปฏิบัติการการจัดการเรียนรู้เพื่อพัฒนาทักษะการคิด
650  7 การเรียนรู้
650  7 การสอน
650  7 ระบบการเรียนการสอน
650  7 ทักษะทางการคิด
710 20 สถาบันพัฒนาความก้าวหน้า
945    ^p180^l0^i027098
945    ^p180^l0^i027097
995    ทศพร
999 ^a ใช้งานได้ทุกระบบ
รายการนี้ยังไม่มีแท็ก
คุณยังไม่ได้ล็อกอิน คุณสามารถมีกิจกรรมร่วมกับเว็บไซต์ได้ แต่ต้องล็อกอินก่อน ::
  ล็อกอิน

รายการสื่อสารสนเทศ

ลำดับที่ ประเภท เลขเรียก/บาร์โค้ด สถานที่ สถานะ
- ไม่พบข้อมูล -

รายการใกล้เคียง
    ผู้แต่ง [ทองสุข รวยสูงเนิน]

    หัวเรื่อง [การเรียนรู้]
    หัวเรื่อง [การสอน]
    หัวเรื่อง [ระบบการเรียนการสอน]
    หัวเรื่อง [ทักษะทางการคิด]

BibComment


ยังไม่เคยถูกคอมเมนท์

คอมเมนท์ทรัพยากรรายการนี้
  คอมเมนท์: คู่มือปฏิบัติการก..


 Copyright 2026. Bcnsprnw @Library